1266 1526 1968 1976 1096 1245 1103 1312 1547 1784 1735 1808 1291 1619 1865 1856 1445 1207 1834 1490 1296 1441 1431 1240 1111 1904 1306 1318 1941 1456 1079 1937 1693 1938 1326 1456 1163 1021 1650 1573 1286 1607 1188 1188 1863 1935 1956 1467 1014 1175 1833 1964 1528 1590 1248 1940 1639 1126 1471 1956 1960 1276 1761 1564 1148 1115 1371 1976 1065 1077 1727 1848 1562 1192 1289 1367 1037 1163 1386 1573 1467 1514 1768 1737 1053 1146 1831 1146 1968 1425 1487 1505 1435 1323 1396 1355 1585 1702 1358 BCNSPRNW ULIB Ver.6.0+V

เปลี่ยนเป็นภาษาไทย

Change to English
 แสดงรายละเอียดบรรณานุกรม
  กลับหน้าหลัก

Brief Record : Get Marc (ISO 2709) : E-mail record : QR code < ปิดหน้าต่าง
LEADER : 00000nam 2200000uu 4500
001    13399124077
003     ULIB
008    150112s2554||||th 000 0 tha d
020    ^a9789741115365
060  4 ^aWA950^bว543ต
100 0  ^aวิชัย เอกพลากร.
245 10 ^aตำราชีวสถิติพื้นฐาน /^cวิชัย เอกพลากร.
250    ^aพิมพ์ครั้งที่ 1.
260    ^aกรุงเทพฯ :^bโครงการตำรารามาธิบดี คณะแพทยศาสตร์โรงพยาบาลรามาธิบดี มหาวิทยาลัยมหิดล,^c2554.
300    ^av, 174 หน้า :^bภาพประกอบ ;^c23 ซม.
650  7 ^aชีวสถิติ
650  7 ^aสถิติ
710 2  ^aมหาวิทยาลัยมหิดล.^bคณะแพทยศาสตร์โรงพยาบาลรามาธิบดี.^bโครงการตำรารามาธิบดี.
945    ^p220^l0^i038117
945    ^p220^l0^i038118
945    ^p220^l0^i038119
945    ^p220^l0^i038120
945    ^p220^l0^i038121
945    ^p220^l0^i038122
945    ^p220^l0^i038123
999    ^aเกษร โพธิ์สุวรรณ
รายการนี้ยังไม่มีแท็ก
คุณยังไม่ได้ล็อกอิน คุณสามารถมีกิจกรรมร่วมกับเว็บไซต์ได้ แต่ต้องล็อกอินก่อน ::
  ล็อกอิน

รายการสื่อสารสนเทศ

ลำดับที่ ประเภท เลขเรียก/บาร์โค้ด สถานที่ สถานะ
1. วิทยาศาสตร์การแพทย์ และสุขภาพ
หนังสือสำรอง
สถานะ=หนังสือสำรอง
WA950 ว543ต ฉ.1 
  Barcode: 038117
ห้องสมุดวิทยาเขตสวรรค์ประชารักษ์
►ส่วนจัดเก็บหนังสือเก่า สปร
บนชั้น
  ขอยืม
2. วิทยาศาสตร์การแพทย์ และสุขภาพ
วิทยาศาสตร์การแพทย์ และสุขภาพ
WA950 ว543ต ฉ.2 
  Barcode: 038118
ห้องสมุดวิทยาเขตสวรรค์ประชารักษ์
►ส่วนจัดเก็บหนังสือเก่า สปร
บนชั้น
  ขอยืม
3. วิทยาศาสตร์การแพทย์ และสุขภาพ
วิทยาศาสตร์การแพทย์ และสุขภาพ
WA950 ว543ต ฉ.3 
  Barcode: 038119
ห้องสมุดวิทยาเขตสวรรค์ประชารักษ์
►ส่วนจัดเก็บหนังสือเก่า สปร
บนชั้น
  ขอยืม
4. วิทยาศาสตร์การแพทย์ และสุขภาพ
วิทยาศาสตร์การแพทย์ และสุขภาพ
WA950 ว543ต ฉ.4 
  Barcode: 038120
ห้องสมุดวิทยาเขตสวรรค์ประชารักษ์
►ส่วนจัดเก็บหนังสือเก่า สปร
บนชั้น
  ขอยืม
5. วิทยาศาสตร์การแพทย์ และสุขภาพ
วิทยาศาสตร์การแพทย์ และสุขภาพ
WA950 ว543ต ฉ.5 
  Barcode: 038121
ห้องสมุดวิทยาเขตสวรรค์ประชารักษ์
►ส่วนจัดเก็บหนังสือเก่า สปร
บนชั้น
  ขอยืม
6. วิทยาศาสตร์การแพทย์ และสุขภาพ
วิทยาศาสตร์การแพทย์ และสุขภาพ
WA950 ว543ต ฉ.6 
  Barcode: 038122
ห้องสมุดวิทยาเขตสวรรค์ประชารักษ์
►ส่วนจัดเก็บหนังสือเก่า สปร
ถูกยืม กำหนดส่งวันที่ 1 มกราคม 2569
  จอง
7. วิทยาศาสตร์การแพทย์ และสุขภาพ
วิทยาศาสตร์การแพทย์ และสุขภาพ
WA950 ว543ต ฉ.7 
  Barcode: 038123
ห้องสมุดวิทยาเขตสวรรค์ประชารักษ์
►ส่วนจัดเก็บหนังสือเก่า สปร
บนชั้น
  ขอยืม

รายการใกล้เคียง
    ผู้แต่ง [วิชัย เอกพลากร.]

    หัวเรื่อง [ชีวสถิติ]
    หัวเรื่อง [สถิติ]

BibComment


ยังไม่เคยถูกคอมเมนท์

คอมเมนท์ทรัพยากรรายการนี้
  คอมเมนท์: ตำราชีวสถิติพื้น..


 Copyright 2026. Bcnsprnw @Library